000 00673nam a22002177a 4500
003 BUBTL
008 220523b ||||| |||| 00| 0 eng d
020 _a0195073215
082 _a364/ V88t/ 1998
100 _aVold, George B
_94199
245 _aTheoretical Criminology/
_bGeorge B. Vold, Thomas J. Bernard and Jeffrey B. Snipes
250 _a4th
260 _aNew York
_bOxford University Press
_cc1998
300 _a[ix], 352p. :
_bill. 22cm.
500 _aIncludes Index
650 _aLaw
700 _94568
_aGeorge B. Vold, Thomas J. Bernard and Jeffrey B. Snipes
856 _k0
_l0
_yDownload
942 _2ddc
_cBK
999 _c6705
_d6705